Подробности
| 000 -МАРКЕР |
| контрольное поле |
02963nam2a2200373 4500 |
| 001 - ИДЕНТИФИКАТОР ЗАПИСИ |
| контрольное поле |
RU\NLR\BIBL_A\012525589 |
| 005 - ИДЕНТИФИКАТОР ВЕРСИИ |
| контрольное поле |
20250625102608.0 |
| 010 ## - МЕЖДУНАРОДНЫЙ СТАНДАРТНЫЙ НОМЕР КНИГИ (ISBN) |
| Номер (ISBN) |
978-5-9736-0618-3 |
| Тираж |
500 |
| 021 ## - НОМЕР ГОСУДАРСТВЕННОЙ РЕГИСТРАЦИИ |
| Код страны |
Российская Федерация |
| Номер |
КН-П-20-089882 |
| Номер Листа государственной регистраци |
КН-П-20-6822 |
| 035 ## - ДРУГИЕ СИСТЕМНЫЕ НОМЕРА |
| Идентификатор записи |
(NLR Aleph) 012525589 |
| 100 ## - ДАННЫЕ ОБЩЕЙ ОБРАБОТКИ |
| Данные общей обработки |
20210524d2020 k y0rusy50 ca |
| 101 0# - ЯЗЫК РЕСУРСА |
| Язык текста, звукозаписи и т.д. |
русский |
| Язык резюме |
английский |
| 102 ## - СТРАНА ПУБЛИКАЦИИ ИЛИ ПРОИЗВОДСТВА |
| Страна публикации |
Российская Федерация |
| 105 ## - ПОЛЕ КОДИРОВАННЫХ ДАННЫХ: ТЕКСТОВЫЕ МАТЕРИАЛЫ, МОНОГРАФИЧЕСКИЕ |
| Кодированные данные о монографическом текстовом документе |
y z 100zy |
| 200 1# - ЗАГЛАВИЕ И СВЕДЕНИЯ ОБ ОТВЕТСТВЕННОСТИ |
| Основное заглавие |
Материалы "круглого стола" XVII Тихоокеанского медицинского конгресса с международным участием, Владивосток, 21–26 сентября 2020 г. |
| Первые сведения об ответственности |
Федеральное государственное бюджетное образовательное учреждение высшего образования "Тихоокеанский государственный медицинский университет" Министерства здравоохранения Российской Федерации |
| Последующие сведения об ответственности |
отв. ред.: Л. Д. Ерохина, Е. П. Супрунова |
| 210 ## - ПУБЛИКАЦИЯ, РАСПРОСТРАНЕНИЕ И ДР. |
| Дата издания, распространения и т.д. |
2020 |
| 215 ## - ФИЗИЧЕСКАЯ ХАРАКТЕРИСТИКА |
| Специфическое обозначение материала и объем |
111, [1] с. |
| Другие сведения о физической характеристике |
табл. |
| 300 ## - ОБЩИЕ ПРИМЕЧАНИЯ |
| Текст примечания |
Загл. вып.: Биомедицинская этика |
| 300 ## - ОБЩИЕ ПРИМЕЧАНИЯ |
| Текст примечания |
Рез. англ. |
| 320 ## - ПРИМЕЧАНИЯ О НАЛИЧИИ В ДОКУМЕНТЕ БИБЛИОГРАФИИ / УКАЗАТЕЛЯ |
| Текст примечания |
Библиогр. в конце отд. ст. и в подстроч. примеч. |
| 461 #0 - УРОВЕНЬ НАБОРА |
| Встроенное поле |
001RU\NLR\BIBL_A\011296397 |
| -- |
2001#$aБиомедицинская этика: старые проблемы - новые альтернативы$vВып. 5 |
| Системный номер (АБИС) связанной записи |
10952577 |
| Место публикации |
Владивосток |
| Дата публикации |
2016 |
| Первые сведения об ответственности |
[отв. ред.: Л. Д. Ерохина] |
| Имя издателя, распространителя и т.д. |
Изд-во ВГУЭС |
| Сведения, относящиеся к заглавию |
сборник статей по материалам "круглого стола" XIII Тихоокеанского медицинского конгресса с международным участием, Владивосток, 14-15 сентября 2016 |
| Заглавие |
Биомедицинская этика: старые проблемы - новые альтернативы |
| Номер тома |
Вып. 5 |
| 606 1# - НАИМЕНОВАНИЕ ТЕМЫ КАК ПРЕДМЕТ |
| Наименование темы |
Биомедицинская этика |
| Формальный подзаголовок |
Съезды, совещания и т.п |
| Системный номер авторитетной/нормативной записи |
1142493 |
| Идентификатор авторитетной/нормативной записи |
RU\NLR\AUTH\66136465 |
| 686 1# - ИНДЕКСЫ ДРУГИХ КЛАССИФИКАЦИЙ |
| Индекс |
Р11(2)п913я431 |
| 686 1# - ИНДЕКСЫ ДРУГИХ КЛАССИФИКАЦИЙ |
| Индекс |
Ю705.4я431 |
| 686 1# - ИНДЕКСЫ ДРУГИХ КЛАССИФИКАЦИЙ |
| Индекс |
Ю701.532я431 |
| 711 12 - НАИМЕНОВАНИЕ ОРГАНИЗАЦИИ - АЛЬТЕРНАТИВНАЯ ОТВЕТСТВЕННОСТЬ |
| Начальный элемент ввода |
"Биомедицинская этика: старые проблемы - новые альтернативы", круглый стол |
| Место проведения временной организации |
Владивосток |
| Дата проведения временной организации |
2020 |
| Системный номер авторитетной/нормативной записи |
757024 |
| Идентификатор авторитетной/нормативной записи |
RU\NLR\AUTH\880546041 |
| 711 12 - НАИМЕНОВАНИЕ ОРГАНИЗАЦИИ - АЛЬТЕРНАТИВНАЯ ОТВЕТСТВЕННОСТЬ |
| Начальный элемент ввода |
Тихоокеанский медицинский конгресс с международным участием |
| Порядковый номер временной организации и / или порядковый номер ее части |
17 |
| Место проведения временной организации |
Владивосток |
| Дата проведения временной организации |
2020 |
| Системный номер авторитетной/нормативной записи |
757026 |
| Идентификатор авторитетной/нормативной записи |
RU\NLR\AUTH\880546042 |
| 852 ## - МЕСТОНАХОЖДЕНИЕ И ШИФР ХРАНЕНИЯ |
| Идентификатор организации |
NLR |
| Шифр хранения (Call Number) |
2016-3/35207 |
| 942 ## - ДОПОЛНИТЕЛЬНЫЕ ЭЛЕМЕНТЫ ЗАПИСИ (АБИС) |
| Тип экземпляра АБИС |
Книга |
| 980 ## - КОЛЛЕКЦИЯ |
| Название коллекции |
Национальная библиография |